Score 0/25 Timer 02:00
14 Plays Today
Rank Word % Correct
3to
87.4%
8it
82.6%
6in
79.7%
22at
78.5%
48an
77.9%
14on
75.6%
7is
74.6%
84no
72.4%
21be
72.1%
17as
70.8%
2of
69.3%
122me
69%
35we
66.8%
Rank Word % Correct
52do
65.2%
65so
63.4%
79go
61.8%
55if
60.2%
11he
59.9%
358am
58.2%
27or
50.5%
82my
48.7%
29by
45.9%
43up
43.3%
190us
36.3%
435oh
26.1%
Remove Ads.
Support Sporcle.
Get the best of Sporcle when you Go Orange. This ad-free experience offers more features, more stats, and more fun while also helping to support Sporcle. Thank you for becoming a member.

You're not logged in!

Compare scores with friends on all Sporcle quizzes.
OR
Log In

Show Comments

Extras

Top Quizzes Today


Score Distribution

Your Account Isn't Verified!

In order to create a playlist on Sporcle, you need to verify the email address you used during registration. Go to your Sporcle Settings to finish the process.

Report this User

Report this user for behavior that violates our Community Guidelines.

Details: